000 00879nab a2200253 u 4500
001 19599
003 HDC
007 cr bn ---aaaaa
008 210302c |r|noo 0 a d
040 _aHDC
100 _aLakshiny,
_eauthor
_917989
245 0 _aENCOURAGING INDIAN ENTREPRENEURS TO ENTER HALAL INDUSTRIES IS A WIN-WIN SITUATION FOR ALL /
_cby Lakshiny
260 _a[No place] :
_b[publisher not identified],
_c2016
336 _atext
_2rdacontent
337 _acomputer
_2rdamedia
338 _aonline resource
_2rdacarrier
650 _aEntrepreneur
_91863
650 _aHalal industry
_9144
710 _aMALAYSIAN DIGEST
856 _zRequest full-text at [email protected]
942 _2lcc
942 _cNEWS
942 _kNWSO 009771
999 _c16915
_d16915